Forest measurements

Bibliographic Details
Main Author: Avery, Thomas Eugene
Format: Book
Published: New York : McGraw-Hill , 1994
Subjects:

MARC

LEADER 00000cam a2200000 7i4500
001 0000002434
002 000002654
005 20000330.0
020 |a 007113204X 
090 0 0 |a 634.9285   |b AVE 
100 1 |a Avery, Thomas Eugene 
245 1 0 |a Forest measurements   |c Thomas Eugene Avery and Harlod E.Burkhart 
260 |a New York :   |b McGraw-Hill ,   |c 1994 
300 |a 408p. ;   |c 22cm. 
650 0 0 |a Forests and forestry   |x mensuration 
999 |a 035835   |b BUKU   |c PINJAMAN   |e PERPUSTAKAAN KOMUNITI PETALING JAYA 
999 |a 035836   |b BUKU   |c RUJUKAN   |e PERPUSTAKAAN KOMUNITI PETALING JAYA